000 00819cam a22002291 4500
001 ne 68004239
003 DLC
005 20260227111849.0
008 801204s1907 ii 000 0 arar
010 _ane 68004239
035 _a(OCoLC)7000100
040 _aDLC
_cWaU
_dDLC
042 _apremarc
050 0 0 _aLAW <Islam 7 Muhi 1907>
100 0 _aMuḥibb Allāh al-Bihārī,
_d-1707.
245 1 0 _aMusallam al-thubūt
_c[ta'līf Muḥibb Allāh al-Bihārī] maʻa al-ḥawāshī al-mufīdah wa-al-īḍāḥāt al-jadīdah lil-Maulavī Muḥammad Faiz̤ al-Ḥasan, wa-hiya Mafātiḥ al-buyūt.
260 _aDihlī,
_bKutubʹkhānah Rashīdīyah
_c1325 [1907 or 8]
300 _a76 p.
_c35 cm.
500 _aReproduced from ms. copy.
650 0 _aIslamic law.
700 2 _aFaiz al-Ḥasan,
_cMaulavī,
_eed.
999 _c50971
_d50971